000
00286 a2200121 4500
000
nam a22 7a 4500
005
20260206114350.0
020
_a
9789381997161
100
_a
Jayshankar prasad
_9
1114126
245
_a
Aajatshatru
260
_b
Ananya Prakashan
_c
2025
942
_c
TEXL
999
_c
1678780
_d
1678780